|
|
|
|
| LEADER |
00000nab a2200000uu 4500 |
| 001 |
vtls010897971 |
| 003 |
SK-MaSNL |
| 005 |
20260303110332.0 |
| 008 |
230121|1960 xo |||||||||||||||||slo| |
| 015 |
|
|
|a SNBRB
|
| 035 |
|
|
|a (urnnbn)urn:nbn:sk:snk:ar-006nsl
|
| 035 |
|
|
|a (uuid)0b77f200-4980-4237-9497-2b999d2d67ff
|
| 035 |
|
|
|a urn:nbn:sk:snk-ab8q9t
|
| 040 |
|
|
|a SNKBUCL
|b slo
|c SNKBUCL
|e AACR2
|
| 041 |
0 |
|
|a slo
|
| 044 |
|
|
|a xo
|c SK
|
| 100 |
1 |
|
|a Kotzig, Anton,
|d 1919-1991
|4 aut
|9 200206
|
| 245 |
1 |
0 |
|a Z TEÓRIE KONEČNÝCH GRAFOV S LINEÁRNYM FAKTOROM III
|c Anton Kotzig
|
| 773 |
0 |
|
|t Matematicko-fyzikálny časopis
|g Roč. 10, č. 4 (1960), s. 205-215
|
| 954 |
|
|
|a odborná, vedecká literatúra pôvodná (slovenská)
|2 lita
|
| 958 |
|
|
|a OND
|
| 958 |
|
|
|a EUIPO
|
| 958 |
|
|
|a article10
|
| 999 |
|
|
|c 1869613
|d 1871543
|